000 00456nam a2200169Ia 4500
003 LK-CoDNM
008 010623t1915 xxu||||| |||| 00| 1 Pali d
040 _aLK-CoDNM
_dLK-CoDNM
_eLK-CoDNM
041 _aPali
_asin
080 _a104 C 9
100 _aSri Dipankara Thero,Valipatanvila
_eed.
245 _aපරිවාර පාළි
246 _aParivaara Pali
260 _bSaddhamma Prakasa
_aAlutgama
_c1915
300 _b296p, 21 cm
942 _cBK
999 _c88545
_d88545